00333nam a2200133Ia 4500003000400000008004100004082001600045100001600061245004400077250001200121260005000133300000800183650000800191OSt191201s2005 xx 000 0 und d a005.26bRAA aRAM, Badri  0aAdvanced Microprocessor and Interfacing a8th Rep aN.DelhibTata MC Grawhill pubg. co. Ltdc2005 a388 aCSE